| 000 | 00609nam a2200217Ia 4500 | ||
|---|---|---|---|
| 003 | OSt | ||
| 005 | 20221007062714.0 | ||
| 006 | a|||||r|||| 00| 0 | ||
| 007 | ta | ||
| 008 | 221006b |||||||| |||| 00| 0 eng d | ||
| 024 | _a10,214 | ||
| 037 | _cReference Collections | ||
| 040 |
_aFLL _cFLL _beng |
||
| 041 |
_2eng _aeng |
||
| 082 | _a2:51N3, K0 | ||
| 100 | _aRanganathan S.R. Au. | ||
| 245 | 0 | _aColon classification | |
| 260 |
_aBanglore _bSarada ranganathan endowment India _c1960 |
||
| 942 |
_h2:51N3, K0 _cREF _2CC |
||
| 999 |
_c1129339 _d1129339 |
||